000 00555nam a22001337a 4500
020 _qHB.
040 _cFIZZA ISHAQ
082 _a709
_bBRU
100 _aBRUCE COLE,ADELHEID GEALT.
_9132208
245 _aART OF THE WESTERN WORLD /
_cBRUCE COLE AND ADELHEID GEALT.
260 _aNEW YORK;
_bSUMMIT BOOKS,
_c1989.
300 _a345 P. ;
_c10X8IN
942 _2ddc
_cBK
999 _c615468
_d615468